000 00529nam a22001937a 4500
003 NUST - PNEC
005 20170116180822.0
008 150622b xxu||||| |||| 00| 0 eng d
020 _a0763723878
040 _cLIBRARY
082 _a518.1 NEA
100 _94137
_aNeapolitan, Richard E
245 _aFoundations of algorithms using C++ pseudocode
_c Richard Neapolitan
250 _a3rd ed
260 _aLondon
_bJones and bartlett publishers
_cc2004.
300 _a617 p. :
650 _94138
_aMath
_xME
942 _2ddc
_cBK
999 _c63751
_d63751